| 000 | 00553nam a2200157Ia 4500 | ||
|---|---|---|---|
| 008 | 170224s9999 xx 000 0 und d | ||
| 100 | _aRomy Fröhlich | ||
| 245 | _aFar from Fifty-Fifty: Legal Measures and the Relative Lack of Women in Powerful Decision-Making Positions in Germany’s Broadcasting Sector | ||
| 245 | _cRomy Fröhlich & Sabine Baudisch | ||
| 260 | _bJournal of Broadcasting & Electronic Media | ||
| 260 | _cJune | ||
| 300 | _a60:2, Pages: 305-330 | ||
| 500 | _aJune | ||
| 650 | _xCommunication Arts | ||
| 650 | _xMultimedia Arts | ||
| 999 |
_c316208 _d316208 |
||